Music Quiz

Random Music or Spanish Quiz

Coldplay Songs in Spanish Quiz Stats

 Plays Quiz not verified by Sporcle

Challenge
Share
Tweet
Embed
Score 0/11 Timer 04:00
0 Plays Today
Spanish Name % Correct
ParaísoParadise
93.8%
La Vida en TechnicolorLife in Technicolor
92%
Amantes en JapónLovers in Japan
89.9%
El CientíficoThe Scientist
89.3%
AmarilloYellow
87.8%
Fijar TúFix You
84.7%
HablarTalk
81.2%
¡Perdido!Lost!
80.6%
Velocidad del SonidoSpeed of Sound
75.5%
RelojesClocks
70.1%
Cada Gota de Lágrima es una CascadaEvery Teardrop is a Waterfall
69.5%

You're not logged in!

Compare scores with friends on all Sporcle quizzes.
Join for Free
OR
Log In

You Might Also Like...

Show Comments

Extras

Top Quizzes Today


Score Distribution

Your Account Isn't Verified!

In order to create a playlist on Sporcle, you need to verify the email address you used during registration. Go to your Sporcle Settings to finish the process.

Report this User

Report this user for behavior that violates our Community Guidelines.

Details: